[Event "LSS RI-2006-0-00056"]
[Site "LSS email"]
[Date "2006.06.15"]
[Round "?"]
[White "Keber, Ernst"]
[Black "Fernandez, Sebastian"]
[Result "1-0"]
[WhiteElo "1768"]
[BlackElo "1585"]
[PlyCount "27"]
[EventDate "2006.06.04"]
[EventType "tourn (corr)"]
[EventRounds "6"]
[EventCountry "GER"]
[SourceTitle "Corr 2015"]
[Source "ChessBase"]
[SourceDate "2015.07.17"]
[SourceVersion "1"]
[SourceVersionDate "2015.07.17"]
[SourceQuality "1"]

1. e4 c5 2. Nf3 Nc6 3. d4 cxd4 4. Nxd4 g6 5. c4 Nf6 6. Nc3 d6 7. Be2 Nxd4 8. Qxd4 Bg7 9. Be3 0-0 10. Qd2 Be6 11. 0-0 Qa5 12. b3 a6 13. Rab1 Rfc8 14. a4 1-0

[Event "IECG CC.2006.0.00136 email"]
[Site "IECG email"]
[Date "2006.05.22"]
[Round "?"]
[White "Sulis, Giovanni"]
[Black "Fernandez, Sebastian"]
[Result "1-0"]
[WhiteElo "1791"]
[BlackElo "1647"]
[PlyCount "33"]
[EventDate "2006.05.22"]
[EventType "tourn (corr)"]
[EventRounds "6"]
[SourceTitle "Corr 2008"]
[Source "ChessBase"]
[SourceDate "2008.06.24"]
[SourceVersion "1"]
[SourceVersionDate "2008.06.24"]
[SourceQuality "1"]

1. c4 Nf6 2. Nc3 g6 3. d4 d5 4. Nf3 Bg7 5. Bg5 Ne4 6. cxd5 Nxg5 7. Nxg5 e6 8. Qa4+ c6 9. dxc6 Nxc6 10. Nf3 Bd7 11. Qa3 Nxd4 12. Nxd4 Bxd4 13. e3 Bg7 14. Bb5 Bc6 15. Bxc6+ bxc6 16. Ne4 Be5 17. f4 1-0

[Event "IECG QC.2006.0.00078"]
[Site "IECG email"]
[Date "2006.05.05"]
[Round "?"]
[White "Fernandez, Sebastian"]
[Black "Koelbach, Ralf"]
[Result "0-1"]
[WhiteElo "1647"]
[BlackElo "1644"]
[PlyCount "20"]
[EventDate "2006.05.05"]
[EventType "tourn (corr)"]
[EventRounds "2"]
[SourceTitle "Corr 2024"]
[Source "ChessBase"]
[SourceDate "2023.10.19"]
[SourceVersion "1"]
[SourceVersionDate "2023.10.19"]
[SourceQuality "1"]

1. e4 c6 2. d4 d5 3. Nc3 dxe4 4. Nxe4 Nd7 5. Ng5 Ngf6 6. Bd3 e6 7. N1f3 Bd6 8. Qe2 h6 9. Ne4 Nxe4 10. Qxe4 Qc7 0-1

[Event "IECG OP.2006.0.00031"]
[Site "IECG email"]
[Date "2006.05.01"]
[Round "?"]
[White "Uifelean, Andrei"]
[Black "Fernandez, Sebastian"]
[Result "1-0"]
[WhiteElo "2210"]
[BlackElo "1647"]
[PlyCount "41"]
[EventDate "2006.05.01"]
[EventType "tourn (corr)"]
[EventRounds "6"]
[SourceTitle "Corr 2008"]
[Source "ChessBase"]
[SourceDate "2008.06.24"]
[SourceVersion "1"]
[SourceVersionDate "2008.06.24"]
[SourceQuality "1"]

1. e4 c5 2. Nf3 Nc6 3. Nc3 g6 4. Bc4 Bg7 5. 0-0 d6 6. Bb5 Bd7 7. Re1 Nf6 8. e5 Nxe5 9. Nxe5 dxe5 10. Bxd7+ Nxd7 11. Qf3 b6 12. d3 0-0 13. Qh3 Re8 14. Bh6 e6 15. Re3 a6 16. Ne4 Nf8 17. Rae1 Ra7 18. Bxg7 Kxg7 19. Qg3 f6 20. a4 Qd4 21. Rf3 1-0

[Event "IECC KO email"]
[Site "IECC email"]
[Date "2002.12.12"]
[Round "?"]
[White "Fernandez, Sebastian"]
[Black "Newton, Hobart E"]
[Result "0-1"]
[WhiteElo "1741"]
[BlackElo "1955"]
[PlyCount "42"]
[EventDate "2002.??.??"]
[EventType "tourn (corr)"]
[EventRounds "6"]
[SourceTitle "Corr 2008"]
[Source "ChessBase"]
[SourceDate "2008.06.24"]
[SourceVersion "1"]
[SourceVersionDate "2008.06.24"]
[SourceQuality "1"]

1. e4 c5 2. Nf3 Nc6 3. d4 cxd4 4. Nxd4 Nf6 5. Nc3 e5 6. Ndb5 d6 7. Bg5 a6 8. Na3 b5 9. Nd5 Be7 10. Bxf6 Bxf6 11. c3 Bh4 12. Nc2 Rb8 13. Be2 0-0 14. Qd3 f5 15. Bf3 fxe4 16. Qxe4 Bf5 17. Qe2 Bxc2 18. Qxc2 e4 19. g3 Rxf3 20. gxh4 Qxh4 21. Nc7 Ne5 0-1

[Event "IECG CP.2002.P.00065 email"]
[Site "IECG email"]
[Date "2002.10.01"]
[Round "?"]
[White "Blom, Erik"]
[Black "Fernandez, Sebastian"]
[Result "1/2-1/2"]
[WhiteElo "2070"]
[BlackElo "1760"]
[PlyCount "77"]
[EventDate "2002.10.01"]
[EventType "tourn (corr)"]
[EventRounds "6"]
[EventCountry "NED"]
[SourceTitle "Corr 2008"]
[Source "ChessBase"]
[SourceDate "2008.06.24"]
[SourceVersion "1"]
[SourceVersionDate "2008.06.24"]
[SourceQuality "1"]

1. e4 c5 2. Nf3 Nc6 3. Bb5 g6 4. c3 Bg7 5. 0-0 Nf6 6. Re1 0-0 7. d4 d5 8. e5 Ne4 9. Bxc6 bxc6 10. Nbd2 cxd4 11. cxd4 c5 12. dxc5 Nxc5 13. Nb3 Nxb3 14. Qxb3 Bg4 15. Nd4 Rb8 16. Qg3 Bd7 17. b3 Qa5 18. Bg5 Rfe8 19. Qh4 Qa3 20. Bh6 Bh8 21. Rad1 Qxa2 22. Ra1 Qb2 23. Reb1 Qc3 24. Rc1 Qb4 25. Rxa7 Bxe5 26. Rxd7 Bxd4 27. Rxd5 Bf6 28. Qxb4 Rxb4 29. Rd3 Reb8 30. g3 Bg7 31. Bd2 R4b7 32. b4 Be5 33. Kg2 Bd6 34. Rb1 h5 35. f4 Kf8 36. Kf3 Ke8 37. Ke4 Kd7 38. h3 Ke6 39. Rd4 1/2-1/2

[Event "IECG CP.2002.P.00065 email"]
[Site "IECG email"]
[Date "2002.10.01"]
[Round "?"]
[White "Fernandez, Sebastian"]
[Black "Schablowsky, Ruediger"]
[Result "0-1"]
[WhiteElo "1760"]
[BlackElo "1215"]
[PlyCount "82"]
[EventDate "2002.10.01"]
[EventType "tourn (corr)"]
[EventRounds "6"]
[EventCountry "NED"]
[SourceTitle "Corr 2008"]
[Source "ChessBase"]
[SourceDate "2008.06.24"]
[SourceVersion "1"]
[SourceVersionDate "2008.06.24"]
[SourceQuality "1"]

1. e4 e6 2. d4 d5 3. Nc3 Bb4 4. e5 c5 5. a3 Bxc3+ 6. bxc3 Ne7 7. Qg4 Qc7 8. Qxg7 Rg8 9. Qxh7 cxd4 10. Ne2 Nbc6 11. f4 Bd7 12. Qd3 dxc3 13. Rb1 0-0-0 14. Nxc3 Na5 15. Rg1 Kb8 16. g4 Rc8 17. Rg3 Rh8 18. h3 Nc4 19. Ne2 Rhg8 20. Nd4 Ba4 21. Rb4 Nb6 22. Be3 Qd7 23. Bf2 Rc7 24. Qh7 Rf8 25. Nb3 Bxb3 26. Rgxb3 Nc4 27. h4 Nc6 28. Rb5 Qc8 29. Qh6 Rh8 30. Qf6 Rg8 31. h5 Rxg4 32. Bh3 Rg8 33. Rxd5 Ne7 34. Rd1 Qf8 35. Rdb1 Nd5 36. Qh4 Nxa3 37. Bxa7+ Kxa7 38. Ra1 Kb8 39. Rbxa3 Qb4+ 40. Kf1 Qb5+ 41. Ke1 Rxc2 0-1

[Event "IECG CP.2002.P.00065 email"]
[Site "IECG email"]
[Date "2002.10.01"]
[Round "?"]
[White "Tolan, John"]
[Black "Fernandez, Sebastian"]
[Result "1-0"]
[WhiteElo "1470"]
[BlackElo "1760"]
[PlyCount "61"]
[EventDate "2002.10.01"]
[EventType "tourn (corr)"]
[EventRounds "6"]
[EventCountry "NED"]
[SourceTitle "Corr 2008"]
[Source "ChessBase"]
[SourceDate "2008.06.24"]
[SourceVersion "1"]
[SourceVersionDate "2008.06.24"]
[SourceQuality "1"]

1. e4 c5 2. Nf3 Nc6 3. d4 cxd4 4. Nxd4 g6 5. c4 Nf6 6. Nc3 d6 7. f3 Bg7 8. Be3 0-0 9. Qd2 Nxd4 10. Bxd4 Be6 11. Nd5 Bxd5 12. cxd5 Nd7 13. Be2 Bxd4 14. Qxd4 Qa5+ 15. b4 Qb6 16. Qxb6 Nxb6 17. Bd3 Rac8 18. Ke2 Rc7 19. Rhc1 Rfc8 20. Rxc7 Rxc7 21. a4 Nd7 22. Ra2 g5 23. Rc2 Rxc2+ 24. Bxc2 h5 25. g3 b6 26. f4 f6 27. Bd3 a5 28. Bb5 Nf8 29. bxa5 bxa5 30. f5 h4 31. g4 1-0

[Event "IECC KO email"]
[Site "IECC email"]
[Date "2002.08.03"]
[Round "?"]
[White "Azzola, Orazio"]
[Black "Fernandez, Sebastian"]
[Result "0-1"]
[WhiteElo "1339"]
[BlackElo "1745"]
[PlyCount "30"]
[EventDate "2002.??.??"]
[EventType "tourn (corr)"]
[EventRounds "6"]
[SourceTitle "Corr 2008"]
[Source "ChessBase"]
[SourceDate "2008.06.24"]
[SourceVersion "1"]
[SourceVersionDate "2008.06.24"]
[SourceQuality "1"]

1. e4 c5 2. b4 cxb4 3. a3 d5 4. exd5 Qxd5 5. Bb2 e5 6. c3 b3 7. d3 Nd7 8. Nd2 Nc5 9. c4 Nxd3+ 10. Bxd3 Qxd3 11. Qxb3 Qxb3 12. Nxb3 f6 13. Rc1 Be6 14. Ne2 b5 15. c5 Bxb3 0-1

[Event "IECC KO email"]
[Site "IECC email"]
[Date "2002.08.03"]
[Round "?"]
[White "Fernandez, Sebastian"]
[Black "Azzola, Orazio"]
[Result "1-0"]
[WhiteElo "1743"]
[BlackElo "1341"]
[PlyCount "53"]
[EventDate "2002.??.??"]
[EventType "tourn (corr)"]
[EventRounds "6"]
[SourceTitle "Corr 2008"]
[Source "ChessBase"]
[SourceDate "2008.06.24"]
[SourceVersion "1"]
[SourceVersionDate "2008.06.24"]
[SourceQuality "1"]

1. e4 e5 2. Nf3 Nc6 3. Bb5 Nge7 4. 0-0 d6 5. d4 exd4 6. Nxd4 Bd7 7. Nc3 Nxd4 8. Bxd7+ Qxd7 9. Qxd4 c5 10. Qd3 Nc6 11. Be3 Be7 12. Rad1 Rd8 13. Rfe1 0-0 14. Bxc5 Ne5 15. Qg3 b6 16. Bd4 Qe6 17. Bxe5 dxe5 18. Rd5 f6 19. Red1 Rxd5 20. Rxd5 Rd8 21. Qd3 Qc8 22. Nd1 g6 23. Ne3 Qc7 24. Rxd8+ Bxd8 25. h3 Be7 26. Nd5 Qd7 27. Nxf6+ 1-0

[Event "IECC TH-M email"]
[Site "IECC email"]
[Date "2002.03.24"]
[Round "?"]
[White "Jasinski, Jim"]
[Black "Fernandez, Sebastian"]
[Result "1/2-1/2"]
[WhiteElo "1678"]
[BlackElo "1768"]
[PlyCount "98"]
[EventDate "2002.??.??"]
[EventType "match (corr)"]
[EventRounds "2"]
[SourceTitle "Corr 2008"]
[Source "ChessBase"]
[SourceDate "2008.06.24"]
[SourceVersion "1"]
[SourceVersionDate "2008.06.24"]
[SourceQuality "1"]

1. d4 d5 2. e4 dxe4 3. Nc3 Nf6 4. Bg5 e6 5. Nxe4 Be7 6. Bxf6 Bxf6 7. Nxf6+ Qxf6 8. c3 0-0 9. Qf3 Nd7 10. Bd3 Re8 11. Qxf6 Nxf6 12. Nf3 e5 13. Nxe5 Nd7 14. 0-0 Nxe5 15. Rfe1 Bg4 16. Rxe5 Rxe5 17. dxe5 Rd8 18. Be4 c6 19. h3 Be2 20. b4 Rd2 21. a4 Bc4 22. Re1 Bd5 23. a5 h6 24. Re3 Kf8 25. f4 Bxe4 26. Rxe4 Rc2 27. Rc4 a6 28. Kh2 Ke7 29. Kg3 Ke6 30. Kf3 g5 31. g3 gxf4 32. Kxf4 Rf2+ 33. Ke3 Rf5 34. Re4 Rh5 35. h4 Rxe5 36. Kd4 Rxe4+ 37. Kxe4 f5+ 38. Kf4 Kf6 39. c4 Ke6 40. g4 fxg4 41. Kxg4 Kf6 42. Kf4 Ke6 43. Ke4 Kd6 44. Kf5 c5 45. b5 axb5 46. cxb5 c4 47. Ke4 Kc5 48. a6 bxa6 49. bxa6 Kb6 1/2-1/2